[Event "Abu Dhabi President Cup"]
[Site "Abu Dhabi"]
[Date "2022.12.18"]
[Round "4"]
[White "Sultan, Ibrahim"]
[Black "Khalifah, Khaled"]
[Result "0-1"]
[WhiteElo "2099"]
[BlackElo "1939"]
[PlyCount "142"]
[EventDate "2022.12.16"]
[EventType "swiss"]
[EventRounds "9"]
[EventCountry "UAE"]
[SourceTitle "CBM 212 Extra"]
[Source "ChessBase"]
[SourceDate "2023.03.31"]
[SourceVersion "1"]
[SourceVersionDate "2023.03.31"]
[SourceQuality "1"]

1. Nf3 d5 2. g3 Nc6 3. c4 Nf6 4. cxd5 Nxd5 5. Bg2 e5 6. 0-0 Bc5 7. Nxe5 Bxf2+ 8. Rxf2 Nxe5 9. Nc3 Nf6 10. h3 0-0 11. d4 Ned7 12. e4 h6 13. a4 c5 14. e5 Nh7 15. Nb5 cxd4 16. Qxd4 Qe7 17. Nc7 Rb8 18. Qxa7 Qc5 19. Be3 Qxc7 20. Rc1 Qd8 21. e6 fxe6 22. Rxf8+ Nhxf8 23. Bf4 e5 24. Bxe5 Nxe5 25. Qxb8 Qd4+ 26. Kh1 Bd7 27. Rf1 Neg6 28. a5 Bb5 29. Qxb7 Bxf1 30. Bxf1 Qf2 31. Qg2 Qxg2+ 32. Bxg2 Ne7 33. Bb7 Nd7 34. a6 Nb6 35. a7 Kf7 36. a8Q Nxa8 37. Bxa8 Ke6 38. Kg2 Ke5 39. Kf3 Nf5 40. g4 Nd6 41. h4 g5 42. h5 Kd4 43. Bc6 Nc4 44. Bb5 Nxb2 45. Ke2 Kc5 46. Ba6 Na4 47. Ke3 Kd5 48. Bb7+ Ke5 49. Bc8 Nb6 50. Bb7 Nc4+ 51. Kf3 Kd4 52. Bc8 Ne5+ 53. Kf2 Ke4 54. Kg3 Ke3 55. Ba6 Nd7 56. Bb5 Nc5 57. Bc6 Ne4+ 58. Kh3 Kf4 59. Kg2 Nf6 60. Kh3 Nxg4 61. Be8 Nf6 62. Bf7 g4+ 63. Kg2 Kg5 64. Kf2 Nxh5 65. Be8 Nf6 66. Bc6 Kf4 67. Kg1 h5 68. Kh1 h4 69. Kg1 Ne4 70. Kh1 h3 71. Bd7 Kg3 0-1

[Event "Sharjah Blitz op 27th"]
[Site "Sharjah"]
[Date "2022.04.08"]
[Round "9"]
[White "Khalifah, Khaled"]
[Black "Zubarev, Alexander2"]
[Result "0-1"]
[WhiteElo "2057"]
[BlackElo "2372"]
[PlyCount "60"]
[EventDate "2022.04.08"]
[EventType "swiss (blitz)"]
[EventRounds "9"]
[EventCountry "UAE"]
[SourceTitle "CBM 207 Extra"]
[Source "ChessBase"]
[SourceDate "2022.05.31"]
[SourceVersion "1"]
[SourceVersionDate "2022.05.31"]
[SourceQuality "1"]

1. d4 Nf6 2. c4 e6 3. Nc3 Bb4 4. Nf3 b6 5. Bg5 Bb7 6. a3 Bxc3+ 7. bxc3 d6 8. e3 Nbd7 9. Bd3 h6 10. Bh4 g5 11. Bg3 Ne4 12. Bxe4 Bxe4 13. 0-0 h5 14. Nd2 Bd3 15. h3 Bxf1 16. Qxf1 Qf6 17. Qd3 0-0 18. e4 Qg6 19. Qe2 f5 20. exf5 exf5 21. Qe7 Rf7 22. Qe2 f4 23. Bh2 Nf6 24. c5 Re8 25. Qc4 d5 26. Qb5 Ree7 27. cxb6 axb6 28. c4 Qd3 29. Qb4 Qxd4 30. cxd5 Qxa1+ 0-1

[Event "Paracin Orbis FM 02"]
[Site "Paracin"]
[Date "2022.02.04"]
[Round "6"]
[White "Khalifah, Khaled"]
[Black "Talgatov, Nazar"]
[Result "1-0"]
[WhiteElo "1909"]
[BlackElo "1624"]
[PlyCount "45"]
[EventDate "2022.01.31"]
[EventType "tourn"]
[EventRounds "9"]
[EventCountry "SRB"]
[SourceTitle "EXT 2023"]
[Source "ChessBase"]
[SourceDate "2022.10.05"]
[SourceVersion "1"]
[SourceVersionDate "2022.10.05"]
[SourceQuality "1"]

1. d4 d5 2. c4 e6 3. cxd5 exd5 4. Nc3 Be7 5. Nf3 Nf6 6. Bg5 0-0 7. e3 b6 8. Bd3 Bb7 9. Qc2 Nbd7 10. 0-0 h6 11. Bh4 a6 12. Rae1 c5 13. Ne5 c4 14. Bf5 b5 15. a3 Re8 16. f4 Nf8 17. Rf3 Bc8 18. Bxf6 Bxf6 19. Ref1 Qd6 20. g4 g6 21. Bxc8 Raxc8 22. g5 Bh8 23. gxh6 1-0

[Event "Paracin Orbis FM 02"]
[Site "Paracin"]
[Date "2022.02.02"]
[Round "4"]
[White "Khalifah, Khaled"]
[Black "Dezelin, Milan"]
[Result "1/2-1/2"]
[WhiteElo "1909"]
[BlackElo "1915"]
[PlyCount "26"]
[EventDate "2022.01.31"]
[EventType "tourn"]
[EventRounds "9"]
[EventCountry "SRB"]
[SourceTitle "EXT 2023"]
[Source "ChessBase"]
[SourceDate "2022.10.05"]
[SourceVersion "1"]
[SourceVersionDate "2022.10.05"]
[SourceQuality "1"]

1. d4 Nf6 2. Bg5 e6 3. e3 d6 4. Nf3 Nbd7 5. c4 h6 6. Bh4 b6 7. Nc3 Bb7 8. Bd3 g5 9. Bg3 Bg7 10. h3 a6 11. 0-0 Qe7 12. e4 Nh5 13. Bh2 Nf4 1/2-1/2